Miss Universe 1st Runner-up's - Statistics

General Stats
  • This quiz has been taken 46 times
    7 since last reset
  • The average score is 30 of 74
Answer Stats
Year 1st runner-up Country % Correct
2023 Anntonia Porsild Thailand
100%
2022 Amanda Dudamel Venezuela
86%
2020 Julia Gama Brazil
86%
2021 Nadia Ferreira Paraguay
71%
2018 Tamaryn Green South Africa
71%
2009 Ada Aimee de la Cruz Dominican Republic
57%
2014 Nia Sanchez USA
57%
2025 Praveenar Singh Thailand
57%
1958 Adalgisa Colombo Brazil
43%
1973 Amanda Jones USA
43%
1968 Anne Braafheid Curaçao
43%
2015 Ariadna Gutiérrez Colombia
43%
1964 Brenda Blackler England
43%
1994 Carolina Gómez Colombia
43%
1986 Christy Fichtner USA
43%
2000 Claudia Moreno Venezuela
43%
1960 Daniela Bianchi Italy
43%
1970 Deborah Shelton USA
43%
1981 Dominique Dufour Canada
43%
1977 Eva Düringer Austria
43%
2001 Evelina Papantoniou Greece
43%
1975 Gerthie David Haiti
43%
1979 Gina Swainson Bermuda
43%
1988 Jang Yoon-jeong South Korea
43%
1978 Judi Andersen USA
43%
1976 Judith Castillo Venezuela
43%
1983 Julie Hayek USA
43%
1984 Letitia Snyman South Africa
43%
1980 Linda Gallagher Scotland
43%
1989 Louise Drevenstam Sweden
43%
2019 Madison Anderson Puerto Rico
43%
1995 Manpreet Brar India
43%
1997 Marena Bencomo Venezuela
43%
1967 Mariela Pérez Venezuela
43%
1999 Miriam Quiambao Philippines
43%
1982 Patty Chong Kerkos Guam
43%
1991 Pauline Huizinga Netherlands
43%
2016 Raquel Pélissier Haiti
43%
1972 Rejane Costa Brazil
43%
1987 Roberta Capua Italy
43%
1966 Satu Charlotta Östring Finland
43%
1996 Taryn Mansell Aruba
43%
1985 Teresa Sánchez López Spain
43%
1957 Terezinha Morango Brazil
43%
1971 Toni Rayward Australia
43%
1965 Virpi Liisa Miettinen Finland
43%
1963 Aino Korva Denmark
29%
1962 Anna Geirsdóttir Iceland
29%
1990 Carole Gist USA
29%
2024 Chidimma Adetshina Nigeria
29%
2005 Cynthia Olavarría Puerto Rico
29%
1952 Elza Edsman Hawaii
29%
1969 Harriet Eriksson Finland
29%
1974 Helen Elizabeth Morgan Wales
29%
2012 Janine Tugonon Philippines
29%
1959 Jorunn Kristjansen Norway
29%
2002 Justine Pasek Panama
29%
2006 Kurara Chibana Japan
29%
2017 Laura González Colombia
29%
2003 Mariángel Ruíz Venezuela
29%
1955 Maribel Arrieta El Salvador
29%
1956 Marina Orschel Germany
29%
1954 Martha Rocha Brazil
29%
1953 Myrna Hansen USA
29%
2007 Natália Guimarães Brazil
29%
2011 Olesya Stefanko Ukraine
29%
1992 Paola Turbay Colombia
29%
2013 Patricia Rodríguez Spain
29%
1993 Paula Andrea Betancur Colombia
29%
1961 Rosemarie Frankland Wales
29%
2004 Shandi Finnessey USA
29%
2008 Taliana Vargas Colombia
29%
1998 Veruska Ramírez Venezuela
29%
2010 Yendi Phillipps Jamaica
29%
No matching quizzes found
Score Distribution
Percent of People with Each Score
Percentile by Number Answered
Your Score History
You have not taken this quiz since the last reset